000 00715nmc a2200277 a 4500
003 AR-BaBNM
005 20251128202750.0
008 057019s1961 ||||||||||||||000 | spa||
040 _cAR-BaBNM
100 1 _aGutiƩrrez, Eduardo
_d1851-1889
245 1 0 _aJuan Moreira
260 _aBuenos Aires
_bEudeba
_c1961
300 0 _a235 p.
490 0 _aSerie del siglo y medio
_vv. 23
650 4 _aLITERATURA ARGENTINA
650 4 _aLITERATURA POPULAR
650 4 _aLITERATURA FOLKLORICA
650 4 _aESCRITORES
653 0 _aCOSTUMBRISMO
653 0 _aLITERATURA GAUCHESCA
653 0 _aNARRATIVA
655 _aLITERATURA
700 1 _aVerbitsky, Bernardo
_eprologuista
942 _cBK
998 _cMARTIN
999 _c463
_d463